Majorstake Ltd v Curtis (Record no. 79939)
[ view plain ]
| 000 -LEADER | |
|---|---|
| fixed length control field | 01926cad a22002055a 4500 |
| 001 - CONTROL NUMBER | |
| control field | L142785 |
| 008 - FIXED-LENGTH DATA ELEMENTS--GENERAL INFORMATION | |
| fixed length control field | 080310e20081115xxk f 000 0 eng d |
| 035 ## - SYSTEM CONTROL NUMBER | |
| System control number | (Sirsi) u142785 |
| 041 0# - LANGUAGE CODE | |
| Language code of text/sound track or separate title | eng |
| 245 00 - TITLE STATEMENT | |
| Title | Majorstake Ltd v Curtis |
| Medium | [electronic resource] |
| 260 ## - PUBLICATION, DISTRIBUTION, ETC. | |
| Date of publication, distribution, etc. | 2007 |
| 520 ## - SUMMARY, ETC. | |
| Summary, etc. | [2007] UKHL 10, 15 November 2007. Considers the application of an exception to a tenant's right to extend his lease within s47(2)(b) of the Leasehold Reform, Housing and Urban Development Act. The tenant (C) appealed against a decision (L135013) in favour of his landlords (M). C had given sufficient notice of his intention to extend his lease under section 47(1) of the Act. M served a notice under s47(2)(b) that they required vacation due to an intention to redevelop the flat. This exception would be upheld if they showed intention to redevelop a substantial part of the premises within which C's flat was contained. M intended to combine C's flat with another. M's contention that the meaning of the phrase "any premises in which the flat is contained" could refer to C's flat and an adjacent flat had been upheld. "Held": The intention of the section was to confer rights upon C close to those of freeholders, which M was attempting to curtail. The premises in question should be an objectively realisable physical space of which the redevelopment was a substantial part. The redevelopment comprised only a small part of the premises. Appeal allowed. |
| 590 ## - LOCAL NOTE (RLIN) | |
| Local note | KA |
| 650 24 - SUBJECT ADDED ENTRY--TOPICAL TERM | |
| Topical term or geographic name entry element | MAJORSTAKE LTD V CURTIS |
| 650 24 - SUBJECT ADDED ENTRY--TOPICAL TERM | |
| Topical term or geographic name entry element | LEASEHOLD REFORM, HOUSING AND URBAN DEVELOPMENT ACT 1993 S47 |
| 651 #4 - SUBJECT ADDED ENTRY--GEOGRAPHIC NAME | |
| Geographic name | England and Wales |
| Chronological subdivision | 1543- |
| 690 ## - LOCAL SUBJECT ADDED ENTRY--TOPICAL TERM (OCLC, RLIN) | |
| Topical term or geographic name as entry element | PROPERTY-RESIDENTIAL PROPERTY-RESIDENTIAL LANDLORD AND TENANT-RESIDENTIAL LEASES-RESIDENTIAL LEASE RENEWAL |
| 856 40 - ELECTRONIC LOCATION AND ACCESS | |
| Uniform Resource Identifier | <a href="https://www.publications.parliament.uk/pa/ld200708/ldjudgmt/jd080206/majors-1.htm">https://www.publications.parliament.uk/pa/ld200708/ldjudgmt/jd080206/majors-1.htm</a> |
| Public note | View the judgment free of charge at www.publications.parliament.uk... |
| 942 ## - ADDED ENTRY ELEMENTS (KOHA) | |
| Suppress in OPAC | 0 |
| Withdrawn status | Lost status | Source of classification or shelving scheme | Damaged status | Not for loan | Home library | Current library | Shelving location | Date acquired | Total Checkouts | Full call number | Barcode | Date last seen | Copy number | Price effective from | Koha item type |
|---|---|---|---|---|---|---|---|---|---|---|---|---|---|---|---|
| Dewey Decimal Classification | Virtual | Virtual | Online | 10/03/2008 | ONLINE PUBLICATION | 142785-1001 | 06/08/2019 | 1 | 06/08/2019 | Law report |